00670nam a2200205Ia 4500952012900000999001700129003000400146005001700150008004100167020001500208040000900223082001800232100002900250245006600279250001200345260004400357300000900401650001200410942004200422 00102ddc40708POEaMESbMEScENGd2019-02-20g225.00l0o821.83 REI/Sp36922r2019-02-20 00:00:00w2019-02-20yBKzGR10R3 c14818d14818OSt20201021105604.0190216s9999||||xx |||||||||||||| ||und|| a0393977528 coclc a821.83bREI/S a Reiman, Donald H95526 0aShelley`s Poetry And Prose /cDonald H Reiman ; Neil Fraistat a2nd Ed: bW.W.Norton & Company,c2007.aNew york: a786p aEnglish cBK2ddch821.83iREI/Sk821.83mREI/S